[Event "Russian Championship B11 1st league 2016"]
[Site "Loo"]
[Date "2016.04.27"]
[Round "8.30"]
[White "Zhelanov, Semen"]
[Black "Pronkin, Artem"]
[Result "0-1"]
[WhiteElo "1275"]
[BlackElo "1445"]
[PlyCount "63"]
[EventDate "2016.04.20"]

1. e4 d5 2. exd5 Qxd5 3. Nc3 Qa5 4. b4 Qxb4 5. Rb1 Qd6 6. Nf3 Nf6 7. Bd3 Nc6 8.
O-O b6 9. Re1 Bb7 10. Bb2 e6 11. Nb5 Qd8 12. Nfd4 Nxd4 13. Nxd4 c5 14. Nf3 Be7
15. Bxf6 Bxf6 16. Bb5+ Kf8 17. a4 a6 18. Bc4 Bc6 19. c3 Qc7 20. Qb3 Bxf3 21.
gxf3 Bd8 22. Qc2 Qf4 23. Qd3 Bc7 24. Bxa6 Qxh2+ 25. Kf1 Rd8 26. Qc2 Ke7 27. Rb2
Rd5 28. Bc4 Qh1+ 29. Ke2 Re5+ 30. Kd3 Rxe1 31. Bb5 Qxf3+ 32. Kc4 0-1

[Event "Russian Championship B11 1st league 2016"]
[Site "Loo"]
[Date "2016.04.27"]
[Round "8.31"]
[White "Yarikov, Artem"]
[Black "Kopylov, Artem"]
[Result "1/2-1/2"]
[WhiteElo "1417"]
[BlackElo "1277"]
[PlyCount "67"]
[EventDate "2016.04.20"]

1. e4 c5 2. Nf3 e6 3. d4 cxd4 4. Nxd4 a6 5. Nc3 b5 6. Bf4 Bb7 7. Bd3 Nf6 8. Bg5
Be7 9. f3 h6 10. Bh4 Qb6 11. Nde2 Nxe4 12. Bxe4 Bxh4+ 13. g3 Bf6 14. Qd2 d5 15.
Bd3 b4 16. Nd1 Nc6 17. Rf1 Rc8 18. Rf2 O-O 19. f4 Rc7 20. Rf1 Re8 21. Rf2 e5
22. fxe5 Rxe5 23. Rxf6 gxf6 24. Qxh6 Qg1+ 25. Kd2 Rxe2+ 26. Bxe2 Nd4 27. Bd3
Qg2+ 28. Kc1 Rxc2+ 29. Kb1 Qxh2 30. Bh7+ Kh8 31. Qxf6+ Kxh7 32. Qxf7+ Kh6 33.
Qf6+ Kh7 34. Qf7+ 1/2-1/2

[Event "Russian Championship B11 1st league 2016"]
[Site "Loo"]
[Date "2016.04.27"]
[Round "8.32"]
[White "Maxin, Vladimir"]
[Black "Neprokin, Georgij"]
[Result "1-0"]
[WhiteElo "1203"]
[BlackElo "1411"]
[PlyCount "41"]
[EventDate "2016.04.20"]

1. d4 Nf6 2. Nf3 d5 3. g3 Bf5 4. Bg2 e6 5. O-O Bd6 6. c4 c6 7. Nc3 Nbd7 8. Nd2
Rc8 9. e4 dxe4 10. Ndxe4 Nxe4 11. Nxe4 Bxe4 12. Bxe4 Nf6 13. Bg5 h6 14. Bxf6
Qxf6 15. Re1 O-O 16. d5 Bc5 17. Re2 cxd5 18. cxd5 exd5 19. Qxd5 b6 20. Qf5 Bd4
21. Qh7# 1-0

[Event "Russian Championship B11 1st league 2016"]
[Site "Loo"]
[Date "2016.04.27"]
[Round "8.41"]
[White "Asatryan, Leon"]
[Black "Razhbadinov, Rasul"]
[Result "1-0"]
[WhiteElo "1650"]
[BlackElo "1224"]
[PlyCount "40"]
[EventDate "2016.04.20"]

1. d4 d5 2. Nf3 Nf6 3. c4 e6 4. g3 Be7 5. Bg2 O-O 6. O-O Nbd7 7. b3 b6 8. Bb2
Bb7 9. Ne5 c5 10. cxd5 exd5 11. e3 Rc8 12. Nc3 c4 13. bxc4 dxc4 14. Bxb7 Rc7
15. Bg2 Ne8 16. Nc6 Rxc6 17. Bxc6 Qc7 18. Nd5 Qd8 19. Nxe7+ Qxe7 20. Bxd7 Qxd7
1-0

[Event "Russian Championship B11 1st league 2016"]
[Site "Loo"]
[Date "2016.04.27"]
[Round "8.42"]
[White "Malyshev, Efim"]
[Black "Pashinin, Maxim"]
[Result "1-0"]
[WhiteElo "1135"]
[BlackElo "1560"]
[PlyCount "59"]
[EventDate "2016.04.20"]

1. e4 c5 2. Nf3 d6 3. d4 cxd4 4. Nxd4 Nf6 5. Nc3 a6 6. Be2 b5 7. a3 Bb7 8. Bf3
Nfd7 9. O-O e6 10. Re1 Be7 11. Be3 Ne5 12. Qe2 Nbc6 13. Rad1 O-O 14. Nb3 Nxf3+
15. Qxf3 Qc7 16. Qg3 Bf6 17. Qxd6 Qxd6 18. Rxd6 Bxc3 19. bxc3 Ne5 20. f3 Nc4
21. Rd7 Bc6 22. Rc7 Rfc8 23. Rxc8+ Rxc8 24. Bc5 Ne5 25. Rd1 Nd7 26. Bb4 h6 27.
Na5 Nb6 28. Rd6 Nc4 29. Rxc6 Rxc6 30. Nxc6 1-0

[Event "Russian Championship B11 2016"]
[Site "Loo"]
[Date "2016.04.27"]
[Round "8.1"]
[White "Murzin, Volodar"]
[Black "Maneluk, Daniil"]
[Result "1/2-1/2"]
[WhiteElo "2170"]
[BlackElo "1801"]
[PlyCount "92"]
[EventDate "2016.04.20"]

1. g3 d5 2. Nf3 c6 3. Bg2 Bg4 4. O-O Nd7 5. d3 e5 6. c4 Ngf6 7. cxd5 cxd5 8.
Nc3 Bd6 9. Bg5 Qb6 10. Qa4 O-O 11. Nxd5 Nxd5 12. Qxg4 N7f6 13. Bxf6 Nxf6 14.
Qa4 Qxb2 15. Rab1 Qxe2 16. Rfe1 Qxd3 17. Rbd1 Qa3 18. Qxa3 Bxa3 19. Nxe5 Rab8
20. Nd7 Nxd7 21. Rxd7 b5 22. Rxa7 Bc5 23. Rd7 Rfd8 24. Red1 Rdc8 25. Bd5 Rf8
26. Bb3 g6 27. R1d3 Rbe8 28. Rb7 Re5 29. Rf3 Be7 30. Re3 Rxe3 31. fxe3 Bc5 32.
Rxb5 Bxe3+ 33. Kg2 Kg7 34. Rb7 g5 35. Kf3 Bg1 36. h3 Kg6 37. g4 h5 38. a4 hxg4+
39. hxg4 Kf6 40. Ke4 Re8+ 41. Kd5 Re7 42. Kc6 Re3 43. Rxf7+ Kg6 44. Rb7 Rc3+
45. Kd7 Rd3+ 46. Ke8 Rd4 1/2-1/2

[Event "Russian Championship B11 2016"]
[Site "Loo"]
[Date "2016.04.27"]
[Round "8.2"]
[White "Makoveev, Ilya"]
[Black "Trofimov, Pavel"]
[Result "1-0"]
[WhiteElo "2137"]
[BlackElo "1748"]
[PlyCount "81"]
[EventDate "2016.04.20"]

1. e4 c5 2. Nf3 d6 3. d4 cxd4 4. Qxd4 Nc6 5. Bb5 Bd7 6. Qd3 Nf6 7. Nc3 g6 8.
Bg5 Bg7 9. O-O-O a6 10. Ba4 Qa5 11. Bb3 Nb4 12. Qd2 Rc8 13. a3 Nc6 14. e5 Ng4
15. exd6 e6 16. h3 Nge5 17. Nxe5 Bxe5 18. Ne4 Nd4 19. Kb1 Nxb3 20. cxb3 Qxd2
21. Rxd2 O-O 22. b4 b6 23. Be7 Rfe8 24. Bf6 Rc4 25. Bxe5 Rxe4 26. Bd4 b5 27. f3
Rf4 28. Rc1 e5 29. Bb6 Rc4 30. Rxc4 bxc4 31. Kc2 f5 32. Kc3 h5 33. Kxc4 g5 34.
Kd5 g4 35. hxg4 hxg4 36. fxg4 fxg4 37. Rc2 e4 38. Rc7 Bb5 39. d7 Bxd7 40. Rxd7
e3 41. Rd8 1-0

[Event "Russian Championship B11 2016"]
[Site "Loo"]
[Date "2016.04.27"]
[Round "8.3"]
[White "Putrenko, Kirill"]
[Black "Ponomarev, Grigori"]
[Result "0-1"]
[WhiteElo "1647"]
[BlackElo "1940"]
[PlyCount "94"]
[EventDate "2016.04.20"]

1. b3 e5 2. Bb2 d6 3. e3 Nf6 4. d4 Nbd7 5. Nf3 Qe7 6. Be2 g6 7. c4 Bg7 8. Nc3
O-O 9. O-O c6 10. Re1 Rd8 11. Qc2 Nf8 12. Rad1 e4 13. Nd2 Bf5 14. Nf1 d5 15.
Ng3 Be6 16. Bf1 h5 17. f3 h4 18. Nh1 exf3 19. gxf3 N8h7 20. e4 Ng5 21. Qf2 dxe4
22. Nxe4 Ngxe4 23. fxe4 Bg4 24. Rd3 Nxe4 25. Qf4 Bf5 26. Bh3 Qd6 27. Qxd6 Nxd6
28. Bxf5 Nxf5 29. Red1 c5 30. Nf2 Nxd4 31. Bxd4 Bxd4 32. Kg2 Re8 33. R1d2 Re6
34. Nh3 Rae8 35. Nf4 Re4 36. Nd5 g5 37. b4 g4 38. Rxd4 Rxd4 39. Rxd4 cxd4 40.
Nf6+ Kf8 41. Nxe8 Kxe8 42. a4 d3 43. Kf2 g3+ 44. hxg3 h3 45. b5 h2 46. Kg2 d2
47. Kxh2 d1=Q 0-1

[Event "Russian Championship B11 2016"]
[Site "Loo"]
[Date "2016.04.27"]
[Round "8.4"]
[White "Vasilyev, Alexey"]
[Black "Kharkevich, Stepan"]
[Result "1-0"]
[WhiteElo "1828"]
[BlackElo "1614"]
[PlyCount "119"]
[EventDate "2016.04.20"]

1. d4 Nf6 2. Nf3 g6 3. c4 Bg7 4. Nc3 d5 5. e3 O-O 6. cxd5 Nxd5 7. Be2 c5 8. O-O
cxd4 9. Nxd4 e5 10. Ndb5 Nxc3 11. Nxc3 Nc6 12. e4 Be6 13. Be3 Nd4 14. Rc1 Rc8
15. Bd3 a6 16. Qd2 f5 17. f3 f4 18. Bf2 g5 19. Ne2 Nc6 20. Rfd1 Qf6 21. Bc4
Bxc4 22. Rxc4 Rcd8 23. Qc1 Rxd1+ 24. Qxd1 Rd8 25. Qb1 Qe6 26. Rc1 Rd2 27. Nc3
Nd4 28. Be1 Ne2+ 29. Nxe2 Rxe2 30. Kf1 Re3 31. Bf2 g4 32. Bxe3 fxe3 33. Qc2 Qh6
34. Qc8+ Bf8 35. Qxg4+ Bg7 36. Rc8+ Kf7 37. Rc7+ Kg8 38. Qxg7+ Qxg7 39. Rxg7+
Kxg7 40. Ke2 Kf6 41. Kxe3 Kg5 42. g3 h5 43. f4+ exf4+ 44. gxf4+ Kg4 45. e5 Kf5
46. Kd4 Ke6 47. Ke4 h4 48. f5+ Ke7 49. Kd5 Kd7 50. f6 b6 51. e6+ Ke8 52. Kd6 a5
53. f7+ Kf8 54. e7+ Kxf7 55. Kd7 Kg7 56. e8=Q Kh6 57. Qg8 Kh5 58. Ke6 h3 59.
Kf5 Kh4 60. Qh8# 1-0

[Event "Russian Championship B11 2016"]
[Site "Loo"]
[Date "2016.04.27"]
[Round "8.5"]
[White "Ryabov, Georgi"]
[Black "Safin, Robert"]
[Result "1/2-1/2"]
[WhiteElo "1715"]
[BlackElo "1618"]
[PlyCount "169"]
[EventDate "2016.04.20"]

1. c4 Nf6 2. Nc3 g6 3. e4 d6 4. d4 Bg7 5. h3 O-O 6. g3 e5 7. d5 Nh5 8. Be3 Nf6
9. Bg2 Ne8 10. Qd2 f5 11. Nge2 Nf6 12. O-O fxe4 13. Nxe4 Nxe4 14. Bxe4 Bxh3 15.
Rfc1 Nd7 16. b4 Nf6 17. Bh1 Ng4 18. Bg5 Bf6 19. Bxf6 Nxf6 20. f4 Bg4 21. Rf1
Bxe2 22. Qxe2 exf4 23. Rxf4 Nh5 24. Qe6+ Kg7 25. Rxf8 Qxf8 26. Rf1 Qe8 27. Kh2
Rb8 28. g4 Qxe6 29. dxe6 Nf6 30. Kg3 Re8 31. Re1 b6 32. g5 Nh5+ 33. Kg4 Re7 34.
b5 Kf8 35. Rf1+ Kg8 36. Bd5 Ng7 37. Rf6 Nf5 38. Rxf5 gxf5+ 39. Kxf5 Kg7 40. Bc6
Kf8 41. Kf6 Rg7 42. Be4 Re7 43. Bf3 Re8 44. Bh5 Re7 45. Bf3 Re8 46. Bh5 Re7 47.
Bf7 c6 48. bxc6 Rc7 49. g6 hxg6 50. Bxg6 a6 51. Bc2 b5 52. cxb5 axb5 53. a3 d5
54. Bd3 Rxc6 55. Bxb5 Rb6 56. a4 d4 57. Bd3 Rd6 58. a5 Rc6 59. a6 Rc7 60. Bb5
Ra7 61. Bc6 Rxa6 62. Bb5 Rb6 63. Bd3 Rd6 64. Kf5 Ke7 65. Ke5 Rd8 66. Kf5 Rh8
67. Ke5 Rh4 68. Be4 Rh5+ 69. Kxd4 Kxe6 70. Kc3 Ke5 71. Bc2 Rh4 72. Kb2 Rh3 73.
Ka1 Kd4 74. Bf5 Rb3 75. Be6 Rb6 76. Bg8 Kc3 77. Bf7 Rb2 78. Bg8 Kc2 79. Bh7+
Kc1 80. Bg6 Rb7 81. Ka2 Rb6 82. Bh7 Kd2 83. Bg8 Kc3 84. Ka1 Rg6 85. Bf7 1/2-1/2

[Event "Russian Championship B11 2016"]
[Site "Loo"]
[Date "2016.04.27"]
[Round "8.6"]
[White "Prokhorov, Stepan"]
[Black "Krivenko, Dmitry"]
[Result "1/2-1/2"]
[WhiteElo "1689"]
[BlackElo "1536"]
[PlyCount "93"]
[EventDate "2016.04.20"]

1. e4 c5 2. Nf3 a6 3. c3 g6 4. d4 cxd4 5. cxd4 d5 6. e5 Nc6 7. Be2 Bg4 8. O-O
Bg7 9. Nc3 e6 10. Bg5 Qd7 11. Na4 h6 12. Nc5 Qc7 13. Be3 Nge7 14. Qb3 b5 15. a4
Bxf3 16. Bxf3 b4 17. Rac1 O-O 18. Rc2 Nf5 19. Qd3 a5 20. Rfc1 Nfe7 21. Qd2 Kh7
22. Be2 Qa7 23. Bb5 Rac8 24. Nxe6 fxe6 25. Bxc6 Nxc6 26. Rxc6 Rxc6 27. Rxc6 Qd7
28. Qc2 b3 29. Qc1 Rf7 30. Rd6 Qxa4 31. Rxe6 Qb5 32. Qd2 Qa4 33. Qc1 Qb4 34.
Rc6 a4 35. Qb1 Kh8 36. Qc1 Kh7 37. Rc3 Ra7 38. Rd3 a3 39. Bd2 axb2 40. Qxb2 Qc4
41. Re3 Ra3 42. Qc3 b2 43. Re1 Qa4 44. e6 Qb5 45. e7 Ra8 46. Rb1 Ra2 47. Re1
1/2-1/2

[Event "Russian Championship B11 2016"]
[Site "Loo"]
[Date "2016.04.27"]
[Round "8.7"]
[White "Tyurin, Artem"]
[Black "Atovmian, Artem"]
[Result "0-1"]
[WhiteElo "1532"]
[BlackElo "1682"]
[PlyCount "74"]
[EventDate "2016.04.20"]

1. e4 c6 2. Nc3 d5 3. Nf3 dxe4 4. Nxe4 Nd7 5. d4 Ngf6 6. Bd3 Nxe4 7. Bxe4 Nf6
8. Bd3 Bg4 9. c3 e6 10. O-O Bd6 11. b3 Qc7 12. h3 Bh5 13. c4 O-O 14. Bb2 Be7
15. Be2 Rfd8 16. Ne5 Bxe2 17. Qxe2 Qa5 18. Rfe1 Bb4 19. Rec1 h6 20. a3 Bf8 21.
Re1 Qc7 22. b4 Rac8 23. Rad1 a5 24. Bc3 axb4 25. axb4 Ra8 26. Ra1 Qb6 27. Rxa8
Rxa8 28. Rb1 Ra3 29. c5 Qa7 30. Bb2 Ra2 31. Re1 Qa6 32. Qd2 Qa3 33. Nc4 Qb3 34.
Rc1 Nd5 35. Rc2 Qxb4 36. Bc3 Nxc3 37. Rxa2 Qb1+ 0-1

[Event "Russian Championship B11 2016"]
[Site "Loo"]
[Date "2016.04.27"]
[Round "8.8"]
[White "Lystsov, Leonid"]
[Black "Titov, Alexander"]
[Result "1-0"]
[WhiteElo "1569"]
[BlackElo "1641"]
[PlyCount "77"]
[EventDate "2016.04.20"]

1. Nf3 d5 2. g3 Nf6 3. Bg2 c5 4. O-O e6 5. d3 Be7 6. c4 Nc6 7. Nc3 O-O 8. cxd5
exd5 9. d4 c4 10. e3 Rb8 11. b3 b5 12. bxc4 bxc4 13. Ne5 Bb7 14. Nxc6 Bxc6 15.
Qc2 Qd7 16. Bd2 Ba3 17. Rab1 Rb6 18. Rxb6 axb6 19. Rb1 b5 20. Bc1 Be7 21. a3
Ra8 22. Na2 Bxa3 23. Bxa3 Rxa3 24. Nb4 Qd6 25. Qf5 Bb7 26. Qe5 Qxe5 27. dxe5
Ne4 28. Nxd5 Nd2 29. Rd1 Bxd5 30. Rxd2 Ra1+ 31. Bf1 g6 32. Rxd5 c3 33. Rc5 b4
34. Kg2 Rc1 35. Bc4 Rb1 36. Rc7 b3 37. Bxf7+ Kf8 38. Bxb3 Rxb3 39. Rxh7 1-0

[Event "Russian Championship B11 2016"]
[Site "Loo"]
[Date "2016.04.27"]
[Round "8.9"]
[White "Dudarev, Vladislav"]
[Black "Simonyan, Grigori"]
[Result "1-0"]
[WhiteElo "1772"]
[BlackElo "1589"]
[PlyCount "93"]
[EventDate "2016.04.20"]

1. c4 e5 2. d3 Nc6 3. Nf3 Nf6 4. g3 Bc5 5. Bg2 h6 6. O-O O-O 7. e3 d5 8. cxd5
Nxd5 9. d4 exd4 10. exd4 Bb6 11. Nc3 Be6 12. Na4 Qd6 13. a3 Rad8 14. b4 a5 15.
b5 Na7 16. Nxb6 Qxb6 17. a4 Nb4 18. Ne5 c6 19. Qh5 cxb5 20. Be4 Bc8 21. axb5 f5
22. Bg2 Qxd4 23. Ng6 Rf6 24. Be3 Qg4 25. Ne7+ Kf8 26. Qxg4 fxg4 27. Bc5 Kf7 28.
Rxa5 Nd3 29. Ba3 Nxb5 30. Rxb5 Ra6 31. Bd5+ Be6 32. Bxe6+ Kxe6 33. Ra1 Rxa3 34.
Rxa3 Kxe7 35. Rxb7+ Kf8 36. Raa7 Ne5 37. Rxg7 Rd1+ 38. Kg2 h5 39. Rh7 Kg8 40.
Rhc7 Rd8 41. Re7 Nf3 42. h3 gxh3+ 43. Kxf3 Rf8+ 44. Ke2 Rf7 45. Rxf7 h2 46.
Rfb7 h1=Q 47. Rb8# 1-0

[Event "Russian Championship B11 2016"]
[Site "Loo"]
[Date "2016.04.27"]
[Round "8.10"]
[White "Makinyan, Ruben"]
[Black "Grebnev, Aleksey"]
[Result "1/2-1/2"]
[WhiteElo "1583"]
[BlackElo "1766"]
[PlyCount "184"]
[EventDate "2016.04.20"]

1. e4 e6 2. d4 d5 3. e5 c5 4. c3 Nc6 5. Nf3 Qb6 6. a3 c4 7. Nbd2 Na5 8. Be2 Bd7
9. O-O O-O-O 10. Ne1 Nb3 11. Nxb3 Ba4 12. Be3 Bxb3 13. Qd2 g6 14. Nc2 h6 15.
Nb4 f5 16. exf6 Nxf6 17. Bf4 Ne4 18. Qe3 a5 19. Nxd5 exd5 20. Bg4+ Rd7 21.
Bxd7+ Kxd7 22. f3 Nf6 23. Rfe1 g5 24. Bg3 Rh7 25. Qe5 Bc2 26. Qe2 Bd3 27. Qd2
Bd6 28. Be5 Bxe5 29. Rxe5 Re7 30. Rae1 Rxe5 31. Rxe5 Qd6 32. Qe3 b5 33. Qf2 Bg6
34. Qg3 Qf8 35. Qh3+ g4 36. fxg4 Ne4 37. Qf3 Qxf3 38. gxf3 Nf6 39. Kg2 Kd6 40.
Kg3 Nd7 41. Re2 Nb8 42. f4 Be4 43. f5 h5 44. h3 Nc6 45. Kf4 Ne7 46. Kg5 hxg4
47. hxg4 b4 48. axb4 axb4 49. Kf4 bxc3 50. bxc3 Ng8 51. g5 Ne7 52. f6 Ng6+ 53.
Kg4 Kd7 54. Rh2 Ke6 55. Rf2 Kf7 56. Ra2 Kf8 57. Ra7 Bc2 58. Ra5 Be4 59. Rc5 Bh1
60. Rc7 Bg2 61. Rh7 Be4 62. Rh6 Kf7 63. Rh7+ Kf8 64. Rg7 Bd3 65. Kh5 Nf4+ 66.
Kh6 Ne6 67. Ra7 Nf4 68. Ra2 Be4 69. Rf2 Ng6 70. f7 Nh8 71. Rf6 Nxf7+ 72. Kh5
Kg7 73. Ra6 Nh8 74. Ra7+ Nf7 75. Re7 Kf8 76. Re6 Kg7 77. Kg4 Bg6 78. Kf4 Bd3
79. Re8 Bc2 80. Ra8 Bd3 81. Ra6 Bc2 82. Ra5 Be4 83. Rc5 Bg2 84. Kg4 Be4 85. Ra5
Bh1 86. Ra6 Be4 87. Rf6 Bd3 88. Rf5 Bxf5+ 89. Kxf5 Nd6+ 90. Ke5 Nb5 91. Kxd5
Nxc3+ 92. Kxc4 Ne4 1/2-1/2

[Event "Russian Championship B11 2016"]
[Site "Loo"]
[Date "2016.04.27"]
[Round "8.11"]
[White "Ismagilov, Igor"]
[Black "Makov, Artem"]
[Result "1-0"]
[WhiteElo "1719"]
[BlackElo "1547"]
[PlyCount "120"]
[EventDate "2016.04.20"]

1. d4 d5 2. Nf3 Nf6 3. Bf4 e6 4. Nbd2 Be7 5. e3 Nbd7 6. c3 O-O 7. Bd3 c5 8. Ne5
Nxe5 9. dxe5 Nd7 10. Bg3 Re8 11. O-O Nf8 12. f4 a6 13. a4 b6 14. Nf3 Bb7 15.
Qe1 a5 16. Bb5 Nd7 17. Nh4 Ba6 18. Bxa6 Rxa6 19. Nf3 c4 20. Bh4 Nc5 21. Bxe7
Qxe7 22. Nd4 Nd3 23. Qe2 Raa8 24. Nb5 Red8 25. b3 Qc5 26. Nd6 Ra7 27. Nb5 Raa8
28. Kh1 Kh8 29. Rfb1 g5 30. Nd6 Rf8 31. bxc4 dxc4 32. Ne4 Qd5 33. Nf6 Nxf4 34.
exf4 Qd3 35. Qxd3 cxd3 36. fxg5 Rac8 37. Ra3 Rfd8 38. Rd1 d2 39. h3 Rd3 40. Ra2
Rcd8 41. Kg1 Kg7 42. Kf2 Kg6 43. Ke2 Rg3 44. Rdxd2 Rxg2+ 45. Ke3 Rg3+ 46. Kf4
Rgd3 47. Ne4 Rxd2 48. Rxd2 Rc8 49. Rd4 Rb8 50. c4 Re8 51. Nd6 Rd8 52. Rd3 Rd7
53. Rb3 Rc7 54. Rxb6 Rc5 55. Rb5 Rc6 56. Rxa5 Rb6 57. Rb5 Ra6 58. a5 h5 59.
gxh6 Kxh6 60. Nxf7+ Kg6 1-0

[Event "Russian Championship B11 2016"]
[Site "Loo"]
[Date "2016.04.27"]
[Round "8.12"]
[White "Nikolaev, Matvei"]
[Black "Chugunov, Vadim"]
[Result "1-0"]
[WhiteElo "1569"]
[BlackElo "1710"]
[PlyCount "75"]
[EventDate "2016.04.20"]

1. c4 Nf6 2. Nf3 g6 3. g3 Bg7 4. d4 d6 5. Bg2 O-O 6. O-O Nc6 7. Nc3 Rb8 8. b3
a6 9. Nd5 Bg4 10. Bb2 Re8 11. h3 Bxf3 12. Bxf3 e6 13. Nc3 e5 14. d5 Nd4 15. Bg2
Nd7 16. g4 b5 17. cxb5 Nxb5 18. Nxb5 axb5 19. Rc1 b4 20. Rc4 Nb6 21. Rxb4 Ra8
22. a3 Bh6 23. e3 Ra5 24. a4 Qa8 25. Rb5 Rxb5 26. axb5 Qa5 27. Qd3 Qb4 28. Rc1
e4 29. Qd1 Qxb5 30. Rxc7 Qxd5 31. Qxd5 Nxd5 32. Rd7 Bf8 33. Bf1 Be7 34. Bd4 Rd8
35. Rb7 Bf6 36. Bc4 Bxd4 37. Bxd5 Bf6 38. Rxf7 1-0

[Event "Russian Championship B11 2016"]
[Site "Loo"]
[Date "2016.04.27"]
[Round "8.13"]
[White "Kochetov, Vladislav"]
[Black "Chalov, Egor"]
[Result "1/2-1/2"]
[WhiteElo "1674"]
[BlackElo "1522"]
[PlyCount "99"]
[EventDate "2016.04.20"]

1. e4 c5 2. Nf3 e6 3. c3 d5 4. exd5 Qxd5 5. d4 Nf6 6. Be3 cxd4 7. cxd4 Bb4+ 8.
Nc3 Qa5 9. Bd2 O-O 10. Be2 Nd5 11. Nxd5 Bxd2+ 12. Qxd2 Qxd5 13. O-O Nc6 14. Qc3
b6 15. Rfd1 Bb7 16. Bc4 Qa5 17. Rac1 Qxc3 18. bxc3 Rac8 19. Bb3 b5 20. Rd3 Nb4
21. Rdd1 Nd5 22. Bxd5 Bxd5 23. a3 f6 24. Kf1 Rc7 25. Ke2 Rfc8 26. Kd2 Rc4 27.
Re1 a5 28. h3 Rb8 29. Rb1 b4 30. axb4 axb4 31. Rxb4 Rbxb4 32. cxb4 Rxb4 33. Ke3
g5 34. Rd1 Rb3+ 35. Rd3 Rxd3+ 36. Kxd3 Kf7 37. Ne1 h5 38. f3 Bb7 39. Ke3 Ke7
40. Kd3 Kd6 41. Nc2 Ba6+ 42. Ke3 e5 43. dxe5+ Kxe5 44. Nb4 Bb5 45. Nc2 f5 46.
Kf2 f4 47. g3 Kd5 48. gxf4 gxf4 49. Na3 Ba6 50. Nb1 1/2-1/2

[Event "Russian Championship B11 2016"]
[Site "Loo"]
[Date "2016.04.27"]
[Round "8.14"]
[White "Khusnulgatin, Artem"]
[Black "Poroshin, Aleksandr"]
[Result "1/2-1/2"]
[WhiteElo "1559"]
[BlackElo "1599"]
[PlyCount "80"]
[EventDate "2016.04.20"]

1. e4 c5 2. c4 Nc6 3. Nc3 Nf6 4. g3 d6 5. Bg2 g6 6. d3 Bg7 7. Nge2 O-O 8. O-O
Bd7 9. Be3 Ne8 10. Qd2 Nc7 11. Bh6 Ne6 12. Bxg7 Kxg7 13. a3 Ncd4 14. Nxd4 Nxd4
15. Ne2 Nxe2+ 16. Qxe2 Bc6 17. b4 b6 18. Qb2+ Kg8 19. d4 Rb8 20. Rac1 Qd7 21.
Rfd1 Qb7 22. d5 Bd7 23. b5 a6 24. a4 a5 25. Re1 Rbe8 26. e5 Bf5 27. f4 Qc7 28.
Re3 e6 29. Rce1 Rd8 30. Qc3 Qb8 31. Kf2 Qc7 32. Rd1 Rfe8 33. Rde1 Rf8 34. exd6
Qxd6 35. Qe5 Qxe5 36. Rxe5 exd5 37. Bxd5 Bc2 38. Ra1 Rde8 39. Rxe8 Rxe8 40. Ra3
Bd1 1/2-1/2

[Event "Russian Championship B11 2016"]
[Site "Loo"]
[Date "2016.04.27"]
[Round "8.15"]
[White "Chumaevskiy, Arseniy"]
[Black "Merts, Dmitrii"]
[Result "1-0"]
[WhiteElo "1552"]
[BlackElo "1578"]
[PlyCount "57"]
[EventDate "2016.04.20"]

1. e4 c5 2. Nf3 e6 3. d4 cxd4 4. Nxd4 a6 5. Bd3 g6 6. O-O Bg7 7. Be3 Ne7 8. Nc3
Nbc6 9. Nb3 d6 10. Qd2 O-O 11. Rad1 Qc7 12. Be2 Rd8 13. Na4 Qb8 14. Nb6 Ra7 15.
Nxc8 Nxc8 16. Bxa7 Qxa7 17. c3 N8e7 18. Qe3 Qxe3 19. fxe3 Bh6 20. Rf3 Ne5 21.
Rh3 Kg7 22. Na5 b5 23. Nb7 Rd7 24. Nxd6 N7c6 25. Ne8+ Kf8 26. Rxd7 Nxd7 27. Nc7
Bg5 28. Nxa6 Na7 29. Nc7 1-0

[Event "Russian Championship B11 2016"]
[Site "Loo"]
[Date "2016.04.27"]
[Round "8.16"]
[White "Grunin, Denis"]
[Black "Kozachek, Stanislav"]
[Result "0-1"]
[WhiteElo "1605"]
[BlackElo "1484"]
[PlyCount "94"]
[EventDate "2016.04.20"]

1. d4 f5 2. Bg5 d6 3. e3 Nd7 4. Bd3 Ndf6 5. c4 g6 6. Nc3 Bg7 7. f3 e5 8. dxe5
dxe5 9. e4 f4 10. g3 h6 11. Bxf6 fxg3 12. hxg3 Nxf6 13. Nd5 c6 14. Nxf6+ Qxf6
15. Qd2 Be6 16. O-O-O O-O-O 17. Qe3 h5 18. Kc2 Qf7 19. b3 Kb8 20. Nh3 Bh6 21.
Qc5 Qf6 22. Be2 Rxd1 23. Bxd1 Rd8 24. Qb4 Rd2+ 25. Qxd2 Bxd2 26. Kxd2 Bxh3 27.
Rxh3 Qd6+ 28. Kc2 Qd4 29. Rh2 Qa1 30. Rd2 Qxa2+ 31. Kc3 Qa5+ 32. Kc2 Qc7 33. c5
Qe7 34. b4 b6 35. cxb6 axb6 36. Kb3 Qg5 37. Rg2 h4 38. g4 Qf4 39. Ka4 h3 40.
Rg1 h2 41. Rh1 Qg3 42. f4 Qg2 43. Bf3 Qxf3 44. Rxh2 Qxf4 45. Rh8+ Kc7 46. Rh7+
Kd8 47. Rb7 b5+ 0-1

[Event "Russian Championship B11 2016"]
[Site "Loo"]
[Date "2016.04.27"]
[Round "8.17"]
[White "Gagarinov, Andrey"]
[Black "Mamochev, Aleksei"]
[Result "1-0"]
[WhiteElo "1562"]
[BlackElo "1598"]
[PlyCount "81"]
[EventDate "2016.04.20"]

1. e4 c5 2. Nf3 Nc6 3. d4 cxd4 4. Nxd4 g6 5. Nc3 Bg7 6. Be3 Nf6 7. Be2 O-O 8.
O-O d5 9. exd5 Nxd5 10. Nxd5 Nxd4 11. Bxd4 Qxd5 12. Bxg7 Qxd1 13. Raxd1 Kxg7
14. Bf3 Bf5 15. c3 Rad8 16. b3 b6 17. Rfe1 e6 18. h3 g5 19. Kh2 h6 20. Kg3 Bc2
21. Rc1 Rd2 22. Re2 Rfd8 23. Rxc2 R2d7 24. c4 Kg6 25. Be4+ f5 26. Bf3 Kf6 27.
Re1 e5 28. Bd5 e4 29. Kh2 Rc8 30. Rce2 b5 31. f3 bxc4 32. Bxc4 Ke5 33. fxe4 f4
34. Rf2 Rf8 35. Ref1 Rd4 36. Re1 h5 37. Rff1 g4 38. hxg4 hxg4 39. Rd1 Rxe4 40.
Rfe1 f3 41. Rd5+ 1-0

[Event "Russian Championship B11 2016"]
[Site "Loo"]
[Date "2016.04.27"]
[Round "8.22"]
[White "Sagdiev, Daniel"]
[Black "Dubinenko, Konstantin"]
[Result "1-0"]
[WhiteElo "1599"]
[BlackElo "1483"]
[PlyCount "59"]
[EventDate "2016.04.20"]

1. e4 e5 2. Nf3 Nc6 3. Nc3 Nf6 4. Bb5 Bd6 5. O-O O-O 6. d3 h6 7. Bxc6 dxc6 8.
h3 Nh7 9. Be3 f5 10. Qe2 f4 11. Bd2 Ng5 12. d4 exd4 13. Nxd4 f3 14. Nxf3 Nxf3+
15. gxf3 Bxh3 16. Rfd1 Qh4 17. e5 Rf6 18. Qe4 Qxe4 19. Nxe4 Rg6+ 20. Kh2 Bg2
21. exd6 Bxf3 22. Re1 cxd6 23. Ng3 Rf8 24. Re3 h5 25. Rg1 h4 26. Ne2 Rgf6 27.
Re7 g6 28. Bc3 R6f7 29. Rxg6+ Kh7 30. Ree6 1-0

[Event "Russian Championship B11 2016"]
[Site "Loo"]
[Date "2016.04.27"]
[Round "8.24"]
[White "Fedoseev, Ilya"]
[Black "Krivov, Nikita"]
[Result "1/2-1/2"]
[WhiteElo "1437"]
[BlackElo "1549"]
[PlyCount "83"]
[EventDate "2016.04.20"]

1. d4 d5 2. c4 c6 3. Nf3 Nf6 4. e3 e6 5. Nc3 Nbd7 6. Qc2 Bd6 7. Bd3 O-O 8. O-O
e5 9. dxe5 Nxe5 10. Nxe5 Bxe5 11. cxd5 cxd5 12. h3 h6 13. Rd1 Qe7 14. Be2 Rd8
15. Bf3 d4 16. exd4 Rxd4 17. Rxd4 Bxd4 18. Bd2 Qc5 19. Rf1 Bf5 20. Qb3 Rb8 21.
Na4 Qc7 22. Bc3 Be6 23. Qd1 Be5 24. Bxe5 Qxe5 25. Nc3 Qg5 26. Kh1 Nd7 27. Qd6
b6 28. Bc6 Rd8 29. Bxd7 Rxd7 30. Qb4 Rd3 31. f3 Rd2 32. Rg1 Qh5 33. Rd1 Rxd1+
34. Nxd1 Bxh3 35. Nf2 Be6+ 36. Kg1 Qe5 37. a3 Qe2 38. Qc3 Bc4 39. Ng4 Qd3 40.
Qe5 Qd1+ 41. Kh2 Qd8 42. Qf4 1/2-1/2

[Event "Russian Championship B13 1st league 2016"]
[Site "Loo"]
[Date "2016.04.27"]
[Round "8.1"]
[White "Volovich, Vasily"]
[Black "Garifzyanov, Niyaz"]
[Result "1-0"]
[WhiteElo "1875"]
[BlackElo "1682"]
[PlyCount "105"]
[EventDate "2016.04.20"]

1. e4 c6 2. Nf3 d5 3. Nc3 dxe4 4. Nxe4 Nd7 5. Bc4 e6 6. Qe2 Ngf6 7. Neg5 Nb6 8.
Ne5 Nxc4 9. Qxc4 Qd5 10. Qxd5 exd5 11. Ngxf7 Rg8 12. Ng5 Bf5 13. d3 Bd6 14. f4
O-O-O 15. Ngf7 Bxe5 16. fxe5 Rd7 17. Nd6+ Rxd6 18. exd6 Kd7 19. O-O Be6 20. Bf4
Ne8 21. Rf2 Nxd6 22. Bxd6 Kxd6 23. Raf1 Ke7 24. Re1 Kd7 25. Rfe2 Re8 26. d4 Re7
27. g4 Re8 28. Kf2 Kd6 29. Kg3 Kd7 30. Kh4 Re7 31. Kg5 Re8 32. h4 Re7 33. h5
Kd6 34. h6 g6 35. Rf2 Re8 36. Rf6 Kd7 37. c3 Kd6 38. b4 b5 39. Re3 Kd7 40.
Rexe6 Rxe6 41. Rf7+ Re7 42. Kf6 Rxf7+ 43. Kxf7 a5 44. bxa5 c5 45. a3 Kc6 46.
Kg7 cxd4 47. cxd4 Kb7 48. Kxh7 Ka6 49. Kxg6 Kxa5 50. h7 Ka4 51. h8=Q Kxa3 52.
Qd8 b4 53. Qxd5 1-0